00493 a2200157 450000500170000001000150001702000270003203500140005903700090007308200110008210000180009324500910011126000450020227000620024730000260030920250113160824.0 aENG-143351 a9788186772768c1500.00 aEN-126883 bDBAD a305.42 aSharma, Gopal aWomen Empowerment Through Educations in India:cby Gopal SharmabBenefit and Barriers/ aNew DelhibNew Academic Publishersc2015 a4760-61, 23, Ansari Road, DaryaganjbDelhicDelhie110002 a231 p. ;c22 cm. (Hb)